The psychic. (Запис № 540061)
[ простий вигляд ]
| 000 -LEADER | |
|---|---|
| fixed length control field | 01390cam a2200337Ia 4500 |
| 001 - CONTROL NUMBER | |
| control field | psychic01over |
| 003 - CONTROL NUMBER IDENTIFIER | |
| control field | CaSfIA |
| 005 - DATE AND TIME OF LATEST TRANSACTION | |
| control field | 20210118212701.0 |
| 007 - PHYSICAL DESCRIPTION FIXED FIELD--GENERAL INFORMATION | |
| fixed length control field | cr|||| |
| 008 - FIXED-LENGTH DATA ELEMENTS--GENERAL INFORMATION | |
| fixed length control field | 860115s1983 vtu 000 0 eng d |
| 040 ## - CATALOGING SOURCE | |
| Original cataloging agency | BFJ |
| Transcribing agency | BFJ |
| Modifying agency | OCL |
| -- | OCLCG |
| -- | CaSfIA |
| 035 ## - SYSTEM CONTROL NUMBER | |
| System control number | (OCoLC)13023650 |
| 092 ## - LOCALLY ASSIGNED DEWEY CALL NUMBER (OCLC) | |
| Classification number | 133.9 |
| Item number | Ov2 |
| 100 1# - MAIN ENTRY--PERSONAL NAME | |
| Personal name | Overlee, Vernon W. |
| 245 14 - TITLE STATEMENT | |
| Title | The psychic. |
| Medium | [electronic resource] |
| 260 ## - PUBLICATION, DISTRIBUTION, ETC. (IMPRINT) | |
| Place of publication, distribution, etc | Canaan, Vt. : |
| Name of publisher, distributor, etc | Mora Press, |
| Date of publication, distribution, etc | c1983. |
| 300 ## - PHYSICAL DESCRIPTION | |
| Extent | 204 p. ; |
| Dimensions | 22 cm. |
| 505 0# - FORMATTED CONTENTS NOTE | |
| Formatted contents note | Book I. Psychics, past-present / by Vernon W. Overlee -- Book II. The dead speak / by Will Power. |
| 506 ## - RESTRICTIONS ON ACCESS NOTE | |
| Standardized terminology for access restriction | Необхідна авторизація на https://archive.org/ (створення облікового запису безкоштовно) |
| 506 ## - RESTRICTIONS ON ACCESS NOTE | |
| Standardized terminology for access restriction | Необхідна авторизація на https://openlibrary.org/ (створення облікового запису безкоштовно) |
| 650 #0 - SUBJECT ADDED ENTRY--TOPICAL TERM | |
| Topical term or geographic name as entry element | Parapsychology. |
| 650 #0 - SUBJECT ADDED ENTRY--TOPICAL TERM | |
| Topical term or geographic name as entry element | Parapsychology |
| General subdivision | Research. |
| 650 #0 - SUBJECT ADDED ENTRY--TOPICAL TERM | |
| Topical term or geographic name as entry element | Mediums. |
| 650 #0 - SUBJECT ADDED ENTRY--TOPICAL TERM | |
| Topical term or geographic name as entry element | Spirit writings. |
| 700 1# - ADDED ENTRY--PERSONAL NAME | |
| Personal name | Power, Will |
| Titles and other words associated with a name | (Spirit) |
| 730 02 - ADDED ENTRY--UNIFORM TITLE | |
| Uniform title | Psychics, past-present. |
| 730 02 - ADDED ENTRY--UNIFORM TITLE | |
| Uniform title | Dead speak. |
| 856 41 - ELECTRONIC LOCATION AND ACCESS | |
| Uniform Resource Identifier | <a href="http://www.archive.org/details/psychic01over">http://www.archive.org/details/psychic01over</a> |
| Public note | Free eBook from the Internet Archive |
| 856 42 - ELECTRONIC LOCATION AND ACCESS | |
| Uniform Resource Identifier | <a href="http://www.openlibrary.org/books/OL24217508M">http://www.openlibrary.org/books/OL24217508M</a> |
| Public note | Additional information and access via Open Library |
| 942 ## - ADDED ENTRY ELEMENTS (KOHA) | |
| Koha item type | ЕКнига |
Немає доступних примірників.